Marxa de la misteriosa llum / armonitzada per a piano per en Silvestre Peñas. Goigs de la misteriosa llum / armonitzats per a piano per en Josep Masuet [Música impresa]
Descripción Física:
4 p. : il. ; 32 cm
Otros Autores:
Masuet, Josep
MARC
| LEADER | 00000nam a2200000Ia 4500 | ||
|---|---|---|---|
| 001 | 23606 | ||
| 008 | 160829s1933 xx 000 0 cat d | ||
| 080 | |a Calaixera A-357 | ||
| 245 | |a Marxa de la misteriosa llum / armonitzada per a piano per en Silvestre Peñas. Goigs de la misteriosa llum / armonitzats per a piano per en Josep Masuet [Música impresa] | ||
| 260 | |a Manresa : |b Tip. Artística Casanovas, |c 1933 | ||
| 300 | |a 4 p. : |b il. ; |c 32 cm | ||
| 650 | |a Marxes (Piano) |9 49013 | ||
| 650 | |a Goigs catalans |9 49007 | ||
| 700 | |a Masuet, Josep |9 49014 | ||
| 901 | |a Arxiu | ||
| 942 | |n 1 | ||
| 952 | |0 0 |1 0 |4 0 |6 CALAIXERA_A357 |7 1 |9 55035 |a Arxiu |b Arxiu |d 2012-08-22 |l 0 |o Calaixera A-357 |p 23606 |r 2016-12-01 00:00:00 |w 2016-12-01 |y ARXIU | ||
| 999 | |c 58905 |d 58905 | ||